| 000 | 00743nam a2200241 a 4500 | ||
|---|---|---|---|
| 001 | 000010757 | ||
| 003 | DO-SdBNP | ||
| 005 | 20240412074221.0 | ||
| 007 | ta | ||
| 008 | 091009s2001 dr 000 p spa d | ||
| 040 |
_aDO-SdBNP _bspa _cBNPHU |
||
| 049 | _aBNPD | ||
| 082 | 4 |
_aRD861.44 _bP438a _222 |
|
| 100 | 1 |
_aPérez Rodríguez, Franklin A. _925967 |
|
| 245 | 1 | 0 |
_aAcrósticos históricos / _cFranklin A. Pérez Rodríguez. |
| 260 |
_aSanto Domingo : _bCentenario, _c2001. |
||
| 300 |
_a213 p. ; _c21 cm. |
||
| 500 | _aIncluye datos biográficos del autor en la solapa de la cubierta | ||
| 590 | _aInventariado, 2022/BT | ||
| 650 | 4 |
_aPoesía histórica dominicana _923574 |
|
| 650 | 0 |
_aLiteratura dominicana. _967 |
|
| 942 |
_2ddc _cLBS1 |
||
| 999 |
_c10512 _d10512 |
||